Formación en prevención de riesgos laborales / (Registro nro. 200)
[ vista simple ]
| 000 -LEADER | |
|---|---|
| fixed length control field | 01203nam a2200277Ia 4500 |
| 003 - CONTROL NUMBER IDENTIFIER | |
| control field | PE SENCICO BE |
| 005 - DATE AND TIME OF LATEST TRANSACTION | |
| control field | 20251020182429.0 |
| 008 - FIXED-LENGTH DATA ELEMENTS--GENERAL INFORMATION | |
| fixed length control field | 200515s9999 xx 000 0 und d |
| 020 ## - INTERNATIONAL STANDARD BOOK NUMBER | |
| International Standard Book Number | 84-9725-340-X |
| 040 ## - CATALOGING SOURCE | |
| Original cataloging agency | PE SENCICO BE |
| Transcribing agency | PE SENCICO BE |
| 041 ## - LANGUAGE CODE | |
| Language code of text/sound track or separate title | spa |
| 082 ## - DEWEY DECIMAL CLASSIFICATION NUMBER | |
| Classification number | 363.11 |
| Item number | I35 |
| 100 1# - MAIN ENTRY--PERSONAL NAME | |
| Personal name | Iglesias Martínez, Virtudes |
| 9 (RLIN) | 2493 |
| Relator term | autor |
| 245 10 - TITLE STATEMENT | |
| Title | Formación en prevención de riesgos laborales / |
| Statement of responsibility, etc. | Virtudes Iglesias Martínez, Teresa Ena Ventura |
| 250 ## - EDITION STATEMENT | |
| Edition statement | 1a ed. |
| 260 ## - PUBLICATION, DISTRIBUTION, ETC. | |
| Place of publication, distribution, etc. | Madrid : |
| Name of publisher, distributor, etc. | La Ley ; |
| Date of publication, distribution, etc. | 2002 |
| 300 ## - PHYSICAL DESCRIPTION | |
| Extent | 120 p. : |
| Other physical details | tbl., graf.; |
| Dimensions | 22 cm. |
| 490 ## - SERIES STATEMENT | |
| Series statement | Biblioteca de prevención de riesgos laborales ; Área de gestión de la prevención |
| 504 ## - BIBLIOGRAPHY, ETC. NOTE | |
| Bibliography, etc. note | Bibliografía: p. 121. |
| 505 0# - FORMATTED CONTENTS NOTE | |
| Formatted contents note | La obligación de formación en prevención de riesgos en la empresa -- El proceso de elaboración del plan de formación en la empresa -- El diseño de las acciones formativas -- Evaluación del plan de formación -- Programas específicos de formación -- Reseña normativa |
| 650 10 - SUBJECT ADDED ENTRY--TOPICAL TERM | |
| Topical term or geographic name entry element | Riesgos laborales |
| 9 (RLIN) | 610 |
| 650 20 - SUBJECT ADDED ENTRY--TOPICAL TERM | |
| Topical term or geographic name entry element | Gestión de riesgos |
| 9 (RLIN) | 888 |
| 650 20 - SUBJECT ADDED ENTRY--TOPICAL TERM | |
| Topical term or geographic name entry element | Prevención de accidentes |
| 9 (RLIN) | 100 |
| 700 1# - ADDED ENTRY--PERSONAL NAME | |
| 9 (RLIN) | 2494 |
| Personal name | Ena Ventura, Teresa |
| Relator term | autor |
| 942 ## - ADDED ENTRY ELEMENTS (KOHA) | |
| Koha item type | Libros |
| Source of classification or shelving scheme | Dewey Decimal Classification |
| Fecha de la última vez que lo usaron | Número de ingreso o de inventario | Pago total | Signatura topográfica completa | Código de barras | Precio efectivo desde | Tipo de documento | Estado perdido | Sistema de clasificación | Estado dañado | No es para préstamo | Retirado | Ubicación permanente | Ubicación actual | Fecha de adquisición |
|---|---|---|---|---|---|---|---|---|---|---|---|---|---|---|
| 15/05/2020 | 14089 | 363.11/I35 | BibLima24070100 | 15/05/2020 | Libros | Dewey Decimal Classification | Biblioteca Central Lima | Biblioteca Central Lima | 15/05/2020 |